| 000 | 00457nam a2200157Ia 4500 | ||
|---|---|---|---|
| 008 | 131103s9999 xx 000 0 und d | ||
| 040 | _aLoreto College | ||
| 041 | _aEnglish | ||
| 082 |
_a423/LON _bLCLIB/29151 |
||
| 245 |
_aLongman Family Dictionary _b A clear concise and modern guide to the english language |
||
| 260 |
_aLongman _bChancellor Press _c1984 |
||
| 300 |
_a827 p. _c 21 cm. |
||
| 650 | _aFamily Dictionary | ||
| 850 | _aLCLIB | ||
| 942 | _cBK | ||
| 999 |
_c6911 _d57390 |
||